000 00296nam a2200085Ia 4500
008 170516s9999 xx 000 0 und d
260 _bEAI Endorsed Transactions on Pervasive Health and Technology
650 _xMEDICAL TECHNOLOGY
856 _uhttp://eai.eu/transaction/pervasive-health-and-technology
999 _c333006
_d333006